Homophones #2 - Statistics

General Stats
  • This quiz has been taken 746 times
    700 since last reset
  • The average score is 16 of 20
Answer Stats
Hint Answer % Correct
Cent Sent/Scent
99%
Cereal Serial
95%
Led Lead
94%
Aisle I'll/Isle
93%
Cents Sense/Scents
92%
Earn Urn
88%
Chilly Chili/Chile
87%
Flee Flea
86%
Ale Ail
85%
Cheap Cheep
85%
Band Banned
83%
Find Fined
81%
Seed Cede
80%
Berry Bury
79%
Lesson Lessen
79%
Dough Doe
78%
Choose Chews
71%
Least Leased
70%
Doughs Doze
63%
Cause Caws
59%
No matching quizzes found
Score Distribution
Percent of People with Each Score
Percentile by Number Answered
Your Score History
You have not taken this quiz since the last reset